Biofumigación del suelo con plantas de repollo (Brassica oleracea var. capitata L.) para el control de nematodos fitoparásitos /

Guardado en:
Autor Principal: Fernández, Flavia Elizabeth.
Autor Corporativo: Universidad Nacional del Sur. Departamento de Agronomía
Otros Autores: Rodríguez, Roberto A., (tutor.)
Formato: Libro
Idioma:Spanish
Publicado: Bahía Blanca, 2016.
Etiquetas: Agregar Etiqueta
Sin Etiquetas, Sea el primero en etiquetar este registro!
LEADER 00798nam a22001695a 4500
001 EEA.libagro010764
005 20181010093926.0
008 160928s2016####ag#a##########000#0#spa#d
082 0 4 |a 632.96 
100 1 |a Fernández, Flavia Elizabeth. 
245 1 0 |a Biofumigación del suelo con plantas de repollo (Brassica oleracea var. capitata L.) para el control de nematodos fitoparásitos /  |c Flavia Elizabeth Fernández. 
260 |a Bahía Blanca,  |c 2016. 
300 |a 59 h. :  |b il. col., fot. col. ;  |c 30 cm. 
500 |a Trabajo de intensificación (Ingeniero Agrónomo) -- Universidad Nacional del Sur. Departamento de Agronomía, 2016. 
700 1 |a Rodríguez, Roberto A.,  |e tutor. 
710 2 |a Universidad Nacional del Sur.  |b Departamento de Agronomía 
859 |a AR-BbBCA  |b BIB. AGRONOMIA  |h 632.96  |i F363  |p 2016/6729